| 000 | 00801nam a2200229 a 4500 | ||
|---|---|---|---|
| 999 |
_c11295 _d11295 |
||
| 001 | 11295 | ||
| 003 | BD-JhCC | ||
| 005 | 20190825122933.0 | ||
| 008 | 190622s20032010bg |||| ||a| 001 0 ben d | ||
| 020 | _a9848139761 | ||
| 035 | _a(BD-JhCC)11295 | ||
| 040 |
_aBD-JhCC _dBD-JhCC |
||
| 041 | _aben | ||
| 082 |
_bBHA 2010 _a954.9205 |
||
| 100 | _aভাট্টি, মাসুদ | ||
| 245 |
_aবাঙালির মুক্তিযুদ্ধ ব্রিটিশ দলিল পত্র / _cমাসুদ ভাট্টি । |
||
| 260 |
_aঢাকা: _bজ্যোৎস্না পাবলিশার্স; _c২০১০. |
||
| 300 |
_a২৭৮ পৃ. : _c২২ সেমি. |
||
| 650 |
_aIndependent war _zBangladesh |
||
| 942 |
_2ddc _cBK |
||